Tilastot visalle Italian kaupunkeja kartalla

Klikkaa tästä pelataksesi tätä visaa!

Yleistilastot

  • Tätä visaa on pelattu 987 kertaa
  • Keskiarvotulos 8 / 15

Vastaukset kartalla

Vastauksille on annettu kartalla punavihreä väri sen mukaan, kuinka moni on saanut sen oikein.
 

Vastaustilastot

Vastaus% Oikein
Rooma
91%
Napoli
71%
Milano
69%
Venetsia
69%
Palermo
62%
Torino
55%
Genova
52%
Firenze
51%
Pisa
51%
Trieste
47%
Cagliari
44%
Bari
42%
Verona
40%
Reggio di Calabria
39%
Pescara
31%

Tulosjakauma

Persentiili vastausten määrän mukaan

Jokaisen tuloksen saaneiden osuus

Tuloshistoriasi

Et ole pelannut tätä visaa